| 000 | 01232nam a2200253Ia 4500 | ||
|---|---|---|---|
| 999 |
_c44977 _d44977 |
||
| 001 | 11798 | ||
| 003 | GE_BSU | ||
| 005 | 20240624125450.0 | ||
| 008 | 181216s2014||||ge |||||||||||||| ||geo|| | ||
| 040 | _cGE_BSU | ||
| 041 | _ageo | ||
| 080 | _a821.133.1-31 ჟ–74 | ||
| 100 |
_aჟიონი, ჟან _922551 |
||
| 245 |
_aჰუსარი სახურავზე : _b [რომანი] / _cჟან ჟიონო ; თარგმანი თამარ კაპანაძე ; მხატვ. ნიკა თეთრაშვილი. |
||
| 245 | _bპირველი ქართული გამოცემა | ||
| 264 |
_aთბილისი : _bელფის გამ–ბა, _c2014. |
||
| 300 |
_a276 გვ. : _bპორტრ. ; _c23 სმ. |
||
| 490 |
_aმსოფლიო ლიტერატურის კლასიკოსები, 1987-8664 _v |
||
| 653 | _aჰუსარი სახურავზე | ||
| 653 | _aრომანი | ||
| 700 |
_aთეთრაშვილი, ნ. (ნიკა) _eმხატვარი _922552 |
||
| 700 |
_aკაპანაძე, თ. (თამარ) _eმთარგმნელი _922553 |
||
| 942 |
_cBK _2udc |
||